000 00840nab a2200241u 4500
001 22940
003 HDC
007 c| |||a|c|aaaa
008 210311b99999999my ||||o |||| 00| 0 eng d
040 _aHDC
100 _aR Kamalavacini /
_eauthor
_919681
245 0 _aINSP To Attract RM400m In Sales /
_cR Kamalavacini
336 _atext
_2rdacontent
337 _acomputer
_2rdamedia
338 _aonline resource
_2rdacarrier
650 _aInternational Sourcing Programme (INSP)
_912703
650 _aMalaysia External Trade Development Corp (Matrade)
_919682
710 _aThe Malaysian Reserve
856 _zRequest full-text at [email protected]
942 _2lcc
942 _cNEWS
942 _kNWS0 005096
999 _c20256
_d20256